000 00488nam a2200169 a 4500
005 20140412111313.0
008 020410s19uu xx 00 eng d
050 _aBB
_bCh34 1992 5
100 _aBrierley, Jane
245 _aThe Christmas treasure, bk. 5 /
_cText Jane Brierley.
260 _aMontreal, Canada :
_bTormont Publications Inc,
_c1992.
300 _a16, p. ; ill.
500 _aTitle: Holiday Crafts and Fun
650 _aChristmas
650 _aCrafts
999 _c104095
_d104095